Corrosion engineering / (Record no. 32763)

000 -LEADER
fixed length control field 00986cam a2200325 a 4500
001 - CONTROL NUMBER
control field 465144
003 - CONTROL NUMBER IDENTIFIER
control field OSt
005 - DATE AND TIME OF LATEST TRANSACTION
control field 20170105113054.0
008 - FIXED-LENGTH DATA ELEMENTS--GENERAL INFORMATION
fixed length control field 860424s1986 nyua b 001 0 eng
010 ## - LIBRARY OF CONGRESS CONTROL NUMBER
LC control number 85019713
020 ## - INTERNATIONAL STANDARD BOOK NUMBER
International Standard Book Number 0070214638
035 ## - SYSTEM CONTROL NUMBER
System control number (OCoLC)12557421
035 ## - SYSTEM CONTROL NUMBER
System control number (OCoLC)ocm12557421
035 ## - SYSTEM CONTROL NUMBER
System control number (CStRLIN)NYCG86-B41980
035 ## - SYSTEM CONTROL NUMBER
System control number (NNC)465144
040 ## - CATALOGING SOURCE
Modifying agency CStRLIN
Transcribing agency a
050 0# - LIBRARY OF CONGRESS CALL NUMBER
Classification number TA418.74
Item number .F6 1986
082 0# - DEWEY DECIMAL CLASSIFICATION NUMBER
Classification number 620.11223
Edition number 19
090 ## - LOCALLY ASSIGNED LC-TYPE CALL NUMBER (OCLC); LOCAL CALL NUMBER (RLIN)
Classification number (OCLC) (R) ; Classification number, CALL (RLIN) (NR) TA418.74
Local cutter number (OCLC) ; Book number/undivided call number, CALL (RLIN) .F6 2010
100 1# - MAIN ENTRY--PERSONAL NAME
Personal name Fontana, Mars G.
Fuller form of name (Mars Guy),
Dates associated with a name 1910-1988.
245 10 - TITLE STATEMENT
Title Corrosion engineering /
Statement of responsibility, etc. Mars G. Fontana.
260 ## - PUBLICATION, DISTRIBUTION, ETC.
Place of publication, distribution, etc. New York :
Name of publisher, distributor, etc. McGraw-Hill,
Date of publication, distribution, etc. c2010.
300 ## - PHYSICAL DESCRIPTION
Extent xix, 555 p. :
Other physical details ill. ;
Dimensions 22 cm.
490 1# - SERIES STATEMENT
Series statement McGraw-Hill series in materials science and engineering
504 ## - BIBLIOGRAPHY, ETC. NOTE
Bibliography, etc. note Includes bibliographies and index.
650 #0 - SUBJECT ADDED ENTRY--TOPICAL TERM
Topical term or geographic name entry element Corrosion and anti-corrosives.
830 #0 - SERIES ADDED ENTRY--UNIFORM TITLE
Uniform title McGraw-Hill series in materials science and engineering.
942 ## - ADDED ENTRY ELEMENTS (KOHA)
Source of classification or shelving scheme
Koha item type Book
Holdings
Withdrawn status Lost status Source of classification or shelving scheme Damaged status Not for loan Permanent Location Current Location Date acquired Total Checkouts Total Renewals Full call number Barcode Date last seen Date last checked out Price effective from Koha item type
          Central Library (CL) Central Library (CL) 11/13/2015 3 2 620.1122 FON SMME-1645 07/17/2025 11/17/2021 11/13/2015 Book
© 2023 Central Library, National University of Sciences and Technology. All Rights Reserved.